000 006170000a22002170004500
090 _aAR
_b03027
245 1 0 _aRevisión del género Jivarus giglio tos, 1898
650 1 4 _aInsectos
_992622
650 1 4 _aEntomología
_94483
650 1 4 _aLangostas
_996609
650 1 4 _aTaxonomía animal
_98245
650 1 4 _aMorfología animal
_99953
651 4 _pPerú
_992749
651 4 _pEcuador
_992749
651 4 _pColombia
_992749
653 _gJivarus
041 0 _aEspañol
100 1 _aRonderos, Ricardo A.
_996611
942 _cARTICULO
773 1 _tObra del Centenario del Museo de la Plata
_31367
_q195-226
_d1979
_g6
999 _c12084
_d12084